| 000 | 01386nkm a2200349 c 4500 | ||
|---|---|---|---|
| 999 |
_c212169 _d212169 |
||
| 003 | BLK | ||
| 005 | 20220307124741.0 | ||
| 008 | 180413b bul rap|r|||| r0| ||bulo| | ||
| 010 | _aKNG00208379000 | ||
| 020 | _a9786197198157 | ||
| 020 | _a 9786197124651 | ||
| 040 | _aBLK | ||
| 041 |
_aBUL _cBUL _hENG |
||
| 072 | 7 |
_2bullib _aН86 _xДетска отраслова литература Н |
|
| 080 |
_aОблекло. Носия. Мода. Накит. Вж и 613.4 ; 646 ; 687 _b391 _x(497.2):087.5 _z391(497.2):087.5 |
||
| 139 |
_aБългарски народни носии _bБ 92 |
||
| 245 | 1 | 0 |
_aБългарски народни носии _bМалка кн. за оцветяване |
| 246 | 1 | 1 | _aBulgarian traditional costumes : a little coloring book |
| 257 | _aBGR | ||
| 260 |
_aСофия _bБГкнига _c2016 _fСофия : Ропринт |
||
| 300 |
_a24 с. _bс ил. _c20 см |
||
| 380 | _aDN | ||
| 490 | 1 | _aПоредица Съкровищата на България | |
| 650 | 4 |
_aНародни носии, български _9262386 |
|
| 653 | _aнародни носии | ||
| 653 | _aкнижки за оцветяване | ||
| 659 | _aН | ||
| 852 | _aЦб 302884 | ||
| 856 | 4 |
_qpdf _u |
|
| 856 | 4 |
_qpdf _u |
|
| 942 |
_cGRA _n0 _s1 _03 |
||
| 944 |
_aCR _c21.06.2017 _kВиолета_Тройчева |
||
| 944 |
_aED _c08.07.2017 _kГеновева_Генчева |
||
| 999 | _d212169 | ||
| 999 | _d212169 | ||
| 999 | _d212169 | ||
| 999 | _d212169 | ||